000
00211 a2200097 4500
001
26832
100
_a
Armstrong, H.C
245
_a
Grey walf mustafa kemal
260
_a
_b
Gosha-e-Adab
_c
090
_c
18065
_d
18065
942
_a
NUST-CAE
_c
M
_c
8964
999
_c
261905
_d
261905